书目信息 |
| 题名: |
民族音乐概论
|
|
| 作者: | ;中国艺术研究院音乐研究 编 | |
| 分册: | ||
| 出版信息: | 北京 人民音乐出版社 1964.3 |
|
| 页数: | 289页 | |
| 开本: | 20cm | |
| 丛书名: | ||
| 单 册: | ||
| 中图分类: | J63 | |
| 科图分类: | ||
| 主题词: | 民族器乐--理论 , 民族乐器--奏法 | |
| 电子资源: | ||
| ISBN: | 7-103-00026-3 | |
| 000 | 00583nam0 2200193 45 | |
| 001 | 0312221749 | |
| 005 | 20070805101642.62 | |
| 010 | @a7-103-00026-3@dCNY17.30 | |
| 100 | @a20031222d1964 km y0chiy0120 ea | |
| 101 | @achi | |
| 200 | 1 | @a民族音乐概论@AMin Zu Yin Yue Gai Lun@f中国艺术研究院音乐研究编@FZhong Guo Yi Shu Yan Jiu Yuan Yin Yue Yan Jiu Bian |
| 210 | @a北京@c人民音乐出版社@d1964.3 | |
| 215 | @a289页@d20cm | |
| 606 | 0 | @a民族器乐@x理论 |
| 606 | 0 | @a民族乐器@x奏法 |
| 690 | @aJ63@v3 | |
| 711 | 02 | @a中国艺术研究院音乐研究@4编 |
| 801 | @aCN@bTSTCL@c20070805 | |
| 905 | @dJ63@e8 | |
| 民族音乐概论/中国艺术研究院音乐研究编.-北京:人民音乐出版社,1964.3 |
| 289页;20cm |
| ISBN 7-103-00026-3:CNY17.30 |
| ● |
| 相关链接 |
|
|
|
|
正题名:民族音乐概论
索取号:J63/8
 
预约/预借
| 序号 | 登录号 | 条形码 | 馆藏地/架位号 | 状态 | 备注 |
| 1 | 0312976 | 203129765 | 第一借阅区/ [索取号:J63/8] | 在馆 | |
| 2 | 0312977 | 203129774 | 第一借阅区/ [索取号:J63/8] | 在馆 | |
| 3 | 0312978 | 203129783 | 第一借阅区/ [索取号:J63/8] | 在馆 | |
| 4 | 0312979 | 203129792 | 第一借阅区/ [索取号:J63/8] | 在馆 | |
| 5 | 0312980 | 203129809 | 第一样本阅览室/ [索取号:J63/8] | 在馆 | |
| 6 | 0513721 | 205137216 | 密集书库/ [索取号:J63/8] | 在馆 | |
| 7 | 0513722 | 205137225 | 密集书库/ [索取号:J63/8] | 在馆 | |
| 8 | 0513723 | 205137234 | 密集书库/ [索取号:J63/8] | 在馆 | |
| 9 | 0513724 | 205137243 | 密集书库/ [索取号:J63/8] | 在馆 | |
| 10 | 0513725 | 205137252 | 密集书库/ [索取号:J63/8] | 在馆 | |
| 11 | 0513726 | 205137261 | 密集书库/ [索取号:J63/8] | 在馆 | |
| 12 | 0513727 | 205137270 | 密集书库/ [索取号:J63/8] | 在馆 | |
| 13 | 0513728 | 205137289 | 密集书库/ [索取号:J63/8] | 在馆 | |
| 14 | 0513729 | 205137298 | 密集书库/ [索取号:J63/8] | 在馆 | |
| 15 | 0513730 | 205137305 | 密集书库/ [索取号:J63/8] | 在馆 | |
| 16 | 0513731 | 205137314 | 密集书库/ [索取号:J63/8] | 在馆 | |
| 17 | 0513732 | 205137323 | 密集书库/ [索取号:J63/8] | 在馆 | |
| 18 | 0513733 | 205137332 | 密集书库/ [索取号:J63/8] | 在馆 | |
| 19 | 0513734 | 205137341 | 密集书库/ [索取号:J63/8] | 在馆 | |
| 20 | 0513735 | 205137350 | 密集书库/ [索取号:J63/8] | 在馆 | |
| 21 | 0513736 | 205137369 | 密集书库/ [索取号:J63/8] | 在馆 | |
| 22 | 0513737 | 205137378 | 密集书库/ [索取号:J63/8] | 在馆 | |
| 23 | 0804245 | 208042456 | 第一借阅区/ [索取号:J63/8] | 在馆 | |
| 24 | 0804246 | 208042465 | 第一借阅区/ [索取号:J63/8] | 在馆 | |
| 25 | 0804247 | 208042474 | 密集书库-音乐系/ [索取号:J63/8] | 在馆 | |
| 26 | 0804248 | 208042483 | 音乐系资料室/ [索取号:J63/8] | 在馆 | |
| 27 | 0804249 | 208042492 | 音乐系资料室/ [索取号:J63/8] | 在馆 |